000 00613nam a2200241Ia 4500
003 OSt
005 20221005132852.0
006 a|||||r|||| 00| 0
007 ta
008 221004b |||||||| |||| 00| 0 tam d
024 _a48819
037 _cTextual
040 _aCRL
_cCRL
_btam
041 _2tam
_atam
082 _aO31,1L41,K, K6
100 _aRuthiresar Ananda Au.
_9641774
245 0 _aVanduvidu toodu
260 _c1966
650 _a TAMIL POETRY
650 _aTAMIL LITERATURE
942 _hO31,1L41,K, K6
_cTEXL
_2cc
999 _c1065068
_d1065068